000 00654nam a2200181Ia 4500
008 100921s9999 xx 000 0 und d
082 _b30841
_a891.463 थ 98
100 _aतिबिले अनंत.
245 _aखुनाचे रहस्य.
260 _bशांती प्रकाशन,पुणे.
_c1998
300 _a182
_bमयुरेष बुक एजन्सी,कराड
365 _b115
520 _aललित-कादंबरी.
630 _aखुनाचे रहस्य.
650 _aललित-कादंबरी.
730 _aखुनाचे रहस्य.
942 _cBOOK
999 _c779954
_d779951